| 000 | 00662nam a2200193Ia 4500 | ||
|---|---|---|---|
| 008 | 131103s9999 xx 000 0 und d | ||
| 020 | _a393030598 | ||
| 040 | _aLoreto College | ||
| 041 | _aEnglish | ||
| 082 |
_a327.1(US)/327.73/ALL _bLCLIB/43208 |
||
| 245 |
_aRe-thinking America's security _b beyond cold war to new world order _cedited by Graham Allison and Gregory F. Treverton |
||
| 260 |
_aNew York _bW.W. Norton & Co. _cc1992 |
||
| 300 |
_a479p. _c 22cm. |
||
| 504 | _aIncludes bibliographical references and index | ||
| 650 | _aInternational Relations | ||
| 651 | _aUnited States - Foreign Policy | ||
| 700 | _aAllison, Graham, ed. | ||
| 942 | _cBK | ||
| 999 |
_c10074 _d60553 |
||